000 00732 a2200241 4500
001 62130
005 20260407155915.0
008 260407a1979 arg spa d
003 AR-UNSa-BCEJYS
040 _aAR-UNSa-BCEJYS
_bspa
_cAR-UNSa-BCEJYS
080 _a349.2
_xDerecho del Trabajo
245 1 0 _aEstudios sobre derecho individual de trabajo
_pEn homenaje al Prof. Mario L. Deveali
264 1 _aBuenos Aires :
_bHeliasta
_c1979
300 _a891 p.
_c23 cm.
041 _aspa
942 _cBK
590 _aniveau_biblio:m niveau_hierar:0
100 1 _aAlmansa Pastor, José Manuel
700 1 _aAlonso Olea, Manuel
700 1 _aAltamira Gigena, Raúl Enrique
700 1 _aAngulo, Jorge M.
700 1 _aArdau, Giorgio
999 _c7573
_d7573